00582nam a2200193Ia 450000500170000000800410001702000180005804000180007604100080009408200230010210000160012524500370014125000120017826000500019030000240024065000310026465000640029565000290035920221118112522.0210716s2012 xx 000 0 und d a9780195686777 cAIMIT LIBRARY aeng a621.3821 21bKAMR aKamal, Raj. aMobile computing /cBy Raj Kamal a1st ed. aNew Delhi :bOxford University Press ,c2012. axiv,582p. ;c24 cm. aMobile devices and systems aWireless medium access control and CDMA based communication aMobile operating systems